| 000 | 00381 a2200157 4500 | ||
|---|---|---|---|
| 005 | 20250423113047.0 | ||
| 020 | _a0-566-02738-0 | ||
| 082 | _a657.95 REI | ||
| 100 | _aREID, W. | ||
| 245 | _aThe Meaning of Company Accounts. | ||
| 250 | _a4th Ed. | ||
| 260 |
_aEngland, _bGower, _c1988. |
||
| 300 |
_aix, 351p.: ill.; _bIndex _c21cm |
||
| 700 | _aMYDDELTON, D.R. | ||
| 942 |
_2ddc _cBKS |
||
| 999 |
_c1622 _d1622 |
||